000 004350000a22001810004500
003 MACL
005 20151201161945.0
008 151201b xxu||||| |||| 00| 0 eng d
040 _aMACL
_cMACL
041 _aEnglish
082 _a741.642
100 _aKacker, Loveleen
_918855
245 _aSaloni In Goa
260 _bHarper Collins Publishers
_c1995
350 _a30
650 _aChildern Book
_916102
942 _cBK
_k741.642
_2ddc
999 _c2549
_d2549